000 00583nam a2200217Ia 4500
999 _c41096
_d41096
001 7746
003 GE_BSU
005 20220923123700.0
008 181216s2007en xx |||||||||||||| ||eng||
020 _a9780849385810
040 _cGE_BSU
041 _aeng
080 _a621.31(042) G-86
100 _aGross Charles A.
_914732
245 _aElectric Machines /
_cCharles A. Gross
264 _aLondon -New York :
_bCRC Press,
_c2007.
300 _a450 p.;
_c26 cm.
653 _aElectric Machines
653 _aელექტრო მანქანები
942 _cBK
_2udc